|
|
|
|
| LEADER |
01681nam a2200397 a 4500 |
| 001 |
EBC3012536 |
| 003 |
MiAaPQ |
| 005 |
20200520144314.0 |
| 006 |
m o d | |
| 007 |
cr cn||||||||| |
| 008 |
090810s2005 dcub s 000 0 eng d |
| 035 |
|
|
|a (MiAaPQ)EBC3012536
|
| 035 |
|
|
|a (Au-PeEL)EBL3012536
|
| 035 |
|
|
|a (CaPaEBR)ebr10302938
|
| 035 |
|
|
|a (OCoLC)817096694
|
| 040 |
|
|
|a MiAaPQ
|c MiAaPQ
|d MiAaPQ
|
| 043 |
|
|
|a ncnq---
|
| 050 |
|
4 |
|a HC146.Z9
|b P66 2005
|
| 245 |
0 |
0 |
|a Nicaragua
|h [electronic resource] :
|b poverty reduction strategy paper.
|
| 260 |
|
|
|a Washington, D.C. :
|b International Monetary Fund,
|c 2005.
|
| 300 |
|
|
|a iv, 180 p. :
|b map.
|
| 490 |
1 |
|
|a IMF country report ;
|v no. 05/440
|
| 500 |
|
|
|a Cover title.
|
| 500 |
|
|
|a Title on added t.p.: National development plan / Republic of Nicaragua.
|
| 500 |
|
|
|a "Poverty Reduction Strategy Papers (PRSPs) are prepared by member countries in broad consultation with stakeholders and development partners, including the staffs of the World Bank and the IMF"--Cover.
|
| 500 |
|
|
|a "December 2005"--Cover.
|
| 533 |
|
|
|a Electronic reproduction. Ann Arbor, MI : ProQuest, 2015. Available via World Wide Web. Access may be limited to ProQuest affiliated libraries.
|
| 610 |
2 |
0 |
|a International Monetary Fund
|z Nicaragua.
|
| 650 |
|
0 |
|a Poverty
|z Nicaragua.
|
| 651 |
|
0 |
|a Nicaragua
|x Economic conditions
|y 1979-
|
| 651 |
|
0 |
|a Nicaragua
|x Economic policy.
|
| 655 |
|
4 |
|a Electronic books.
|
| 710 |
2 |
|
|a International Monetary Fund.
|
| 710 |
2 |
|
|a ProQuest (Firm)
|
| 830 |
|
0 |
|a IMF country report ;
|v no. 05/440.
|
| 856 |
4 |
0 |
|u https://ebookcentral.proquest.com/lib/matrademy/detail.action?docID=3012536
|z Click to View
|